000
003240000a22001450004500
003
MACL
040
_a
MACL
090
_c
6729
_d
6728
100
_a
Chaodhuri, Narayan
245
_a
That Compassionate Touch of Ma Anandamayee
260
_b
Motilal Banarsidass
_c
1980
350
_a
60
650
_a
Religion
942
_c
BOOK
_k
294
999
_c
6681
_d
6681